Catálogo

Vista normal Vista MARC

Entrada Personal Name

Número de registros utilizados en: 1

001 - CONTROL NUMBER

  • control field: 15241

003 - CONTROL NUMBER IDENTIFIER

  • control field: DLC

005 - DATE AND TIME OF LATEST TRANSACTION

  • control field: 20240117102503.0

008 - FIXED-LENGTH DATA ELEMENTS

  • fixed length control field: 041105n| acannaabn |a aaa

010 ## - LIBRARY OF CONGRESS CONTROL NUMBER

  • LC control number: n 2004142266

040 ## - CATALOGING SOURCE

  • Original cataloging agency: DLC
  • Language of cataloging: spa
  • Transcribing agency: Mx-PuUPA
  • Modifying agency: Mx-PuUPA
  • Description conventions: rda

100 1# - HEADING--PERSONAL NAME

  • Personal name: Gómez Vieites, Alvaro,

374 ## - OCCUPATION

  • Occupation: Autor

375 ## - GENDER

  • Gender: hombre

377 ## - ASSOCIATED LANGUAGE

  • Language code: spa

400 1# - SEE FROM TRACING--PERSONAL NAME

  • Personal name: Vieites, Alvaro Gómez

670 ## - SOURCE DATA FOUND

  • Source citation: Gómez Vieites, Alvaro. Economía digital y comercio electrónico, 2002?:
  • Information found: t.p. (Alvaro Gómez Vieites) front flap (partner-director, SIMCe Consultores)